1356 1483 1281 1747 1075 1003 1696 1934 1772 1218 1593 1909 1494 1713 1740 1779 1665 1542 1774 1051 1997 1205 1221 1449 1489 1743 1176 1663 1517 1073 1193 1352 1112 1805 1184 1735 1912 1873 1077 1126 1989 1650 1521 1835 1689 1295 1760 1740 1542 1759 1401 1906 1432 1445 1099 1076 1441 1252 1039 2000 1996 1610 1942 1628 1895 1208 1880 1607 1892 1822 1623 1079 1625 1024 1419 1392 1318 1169 1351 1742 1184 1541 1064 1375 1199 1948 1094 1886 1358 1384 1936 1190 1777 1513 1158 1374 1205 1406 1062 BCNSPRNW ULIB Ver.6.0+V

เปลี่ยนเป็นภาษาไทย

Change to English
 แสดงรายละเอียดบรรณานุกรม
  กลับหน้าหลัก

Brief Record : Get Marc (ISO 2709) : E-mail record : QR code < ปิดหน้าต่าง
LEADER : 00000nam 2200000uu 4500
001    13399121069
003     ULIB
008    121101s2550||||th 000 0 tha d
020    ^a9789742131302
050  4 ^aHA32^bย351ว ล.3
100 0  ^aยุทธ ไกยวรรณ์
245 10 ^aวิเคราะห์ข้อมูลวิจัย 3 =^bStep by step SPSS 3 /^cยุทธ ไกรวรรณ์
246 31 ^aStep by step SPSS 3
260    ^aกรุงเทพฯ :^bศูนย์สื่อเสริมกรุงเทพ,^c2550
300    ^a162 หน้า :^bภาพประกอบ ;^c26 ซม.
650  4 ^aเอสพีเอสเอส (โปรแกรมคอมพิวเตอร์)
650  4 ^aเอสพีเอสเอสสำหรับวินโดวส์
650  4 ^aสถิติ^xการประมวลผลข้อมูล
650  4 ^aสถิติ^xโปรแกรมคอมพิวเตอร์
945    ^p125^l0^i15101
995    ^aทศพร
999    ^aทศพร เกษรทอง
รายการนี้ยังไม่มีแท็ก
คุณยังไม่ได้ล็อกอิน คุณสามารถมีกิจกรรมร่วมกับเว็บไซต์ได้ แต่ต้องล็อกอินก่อน ::
  ล็อกอิน

รายการสื่อสารสนเทศ

ลำดับที่ ประเภท เลขเรียก/บาร์โค้ด สถานที่ สถานะ
1. วิทยาศาสตร์การแพทย์ และสุขภาพ
วิทยาศาสตร์การแพทย์ และสุขภาพ
HA32 ย351ว ล.3 ฉ.1 
  Barcode: 15101
ห้องสมุดวิทยาเขตสวรรค์ประชารักษ์
►หนังสือทั่วไป
บนชั้น

รายการใกล้เคียง
    ผู้แต่ง [ยุทธ ไกยวรรณ์]

    หัวเรื่อง [เอสพีเอสเอส (โปรแกรมคอมพิวเตอร์)]
    หัวเรื่อง [เอสพีเอสเอสสำหรับวินโดวส์]

BibComment


ยังไม่เคยถูกคอมเมนท์

คอมเมนท์ทรัพยากรรายการนี้
  คอมเมนท์: วิเคราะห์ข้อมูลว..


 Copyright 2026. Bcnsprnw @Library